[Event "SRB-chT2 East"]
[Site "Leskovac"]
[Date "2014.09.27"]
[Round "5.5"]
[White "Klcesko, Aleksandar"]
[Black "Zlatanovic, Jovana"]
[Result "1/2-1/2"]
[WhiteElo "1767"]
[BlackElo "1757"]
[PlyCount "33"]
[EventDate "2014.09.25"]
[EventType "team-swiss"]
[EventRounds "6"]
[EventCountry "SRB"]
[SourceTitle "EXT 2015"]
[Source "ChessBase"]
[SourceDate "2014.11.20"]
[SourceVersion "1"]
[SourceVersionDate "2014.11.20"]
[SourceQuality "1"]

1. e4 c5 2. Nf3 d6 3. d4 cxd4 4. Nxd4 Nf6 5. Nc3 Nc6 6. Be3 e5 7. Nb3 Be6 8. f3 Be7 9. Nd4 Na5 10. Qd2 Nb3 11. axb3 Bd5 12. exd5 a6 13. Bc4 Nd7 14. Ne4 0-0 15. 0-0 Rc8 16. Qf2 f5 17. Nd2 1/2-1/2

[Event "SRB Central-ch op-B 7th"]
[Site "Paracin"]
[Date "2014.07.05"]
[Round "3"]
[White "Manelidis, Savvas"]
[Black "Zlatanovic, Jovana"]
[Result "1-0"]
[WhiteElo "2000"]
[BlackElo "1741"]
[PlyCount "43"]
[EventDate "2014.07.04"]
[EventType "swiss"]
[EventRounds "9"]
[EventCountry "SRB"]
[SourceTitle "CBM 161 Extra"]
[Source "ChessBase"]
[SourceDate "2014.08.29"]
[SourceVersion "1"]
[SourceVersionDate "2014.08.29"]
[SourceQuality "1"]

1. e4 c5 2. Nf3 d6 3. d4 cxd4 4. c3 dxc3 5. Nxc3 a6 6. Bc4 e6 7. 0-0 Be7 8. Qe2 Nf6 9. Rd1 Qc7 10. Bf4 b5 11. Bb3 Nbd7 12. Rac1 Qb8 13. Nd4 Ne5 14. a4 b4 15. Bxe5 bxc3 16. Bxf6 cxb2 17. Rxc8+ Qxc8 18. Bxe7 b1Q 19. Rxb1 Kxe7 20. e5 Rd8 21. exd6+ Rxd6 22. Nf5+ 1-0

[Event "SRB Central-ch op (Women)"]
[Site "Vrnjacka Banja"]
[Date "2014.03.19"]
[Round "3"]
[White "Milosevic, Jovana"]
[Black "Zlatanovic, Jovana"]
[Result "1-0"]
[WhiteElo "1990"]
[BlackElo "1716"]
[PlyCount "63"]
[EventDate "2014.03.14"]
[EventType "swiss"]
[EventRounds "7"]
[EventCountry "SRB"]
[SourceTitle "CBM 159 Extra"]
[Source "ChessBase"]
[SourceDate "2014.04.24"]
[SourceVersion "1"]
[SourceVersionDate "2014.04.24"]
[SourceQuality "1"]

1. Nf3 Nf6 2. c4 g6 3. Nc3 Bg7 4. e4 d6 5. d4 Nbd7 6. Be2 0-0 7. 0-0 e5 8. Be3 Re8 9. dxe5 dxe5 10. h3 c6 11. Qc2 Qc7 12. Rfd1 Nf8 13. Bc5 N6d7 14. Bd6 Qa5 15. b4 Qd8 16. c5 Qf6 17. Bc4 Ne6 18. Bxe6 Qxe6 19. Nd2 Nf8 20. Rab1 Qf6 21. Nc4 Qg5 22. Qd2 Qh4 23. Bxf8 Bxf8 24. Nd6 Rd8 25. Qe3 Bxd6 26. Rxd6 Rxd6 27. cxd6 Be6 28. Rd1 Qd8 29. Qc5 f6 30. d7 Kf7 31. Qd6 Rb8 32. Qxb8 1-0

[Event "SRB-chT3 Ost"]
[Site "Kladovo"]
[Date "2013.10.19"]
[Round "5.18"]
[White "Zlatanovic, Jovana"]
[Black "Rakic, Nikola"]
[Result "1/2-1/2"]
[WhiteElo "1707"]
[BlackElo "1704"]
[PlyCount "39"]
[EventDate "2013.10.17"]
[EventType "team-swiss"]
[EventRounds "8"]
[EventCountry "SRB"]
[SourceTitle "EXT 2015"]
[Source "ChessBase"]
[SourceDate "2014.11.20"]
[SourceVersion "1"]
[SourceVersionDate "2014.11.20"]
[SourceQuality "1"]

1. e4 c5 2. Nf3 Nc6 3. d3 g6 4. g3 Bg7 5. Bg2 e6 6. c3 Nge7 7. 0-0 0-0 8. Re1 d6 9. Na3 a6 10. Nc2 d5 11. e5 Qc7 12. Bf4 Rd8 13. h4 Qb6 14. Rb1 a5 15. Nh2 d4 16. c4 Rf8 17. Bh3 Nb4 18. a3 Nxc2 19. Qxc2 f5 20. Bg2 1/2-1/2

[Event "SRB-chT2 East"]
[Site "Zajecar"]
[Date "2013.10.11"]
[Round "2"]
[White "Zlatanovic, Jovana"]
[Black "Floricelovic, Milos"]
[Result "1/2-1/2"]
[WhiteElo "1707"]
[BlackElo "2042"]
[PlyCount "63"]
[EventDate "2013.10.10"]
[EventType "team-swiss"]
[EventRounds "8"]
[EventCountry "SRB"]
[SourceTitle "EXT 2014"]
[Source "ChessBase"]
[SourceDate "2013.11.20"]
[SourceVersion "1"]
[SourceVersionDate "2013.11.20"]
[SourceQuality "1"]

1. e4 c5 2. Nf3 e6 3. d3 Nc6 4. g3 d6 5. Bg2 Nf6 6. 0-0 Be7 7. Re1 e5 8. c3 0-0 9. a3 Bg4 10. h3 Bh5 11. b4 a6 12. Nbd2 Rc8 13. Qb3 b6 14. Nf1 Qd7 15. Kh2 Ne8 16. Ne3 Nc7 17. g4 Bg6 18. Nf5 Kh8 19. N3h4 Ne6 20. Nf3 f6 21. Be3 Rb8 22. d4 Ng5 23. Bxg5 fxg5 24. d5 Nd8 25. bxc5 dxc5 26. Kg1 Bf6 27. Qc4 a5 28. Bf1 Nf7 29. Qb5 Qc7 30. Rad1 Bxf5 31. gxf5 Nd6 32. Qe2 1/2-1/2

[Event "SRB-ch U20 Girls"]
[Site "Donji Milanovac"]
[Date "2012.07.27"]
[Round "6"]
[White "Zlatanovic, Jovana"]
[Black "Milanovic, Maja"]
[Result "1/2-1/2"]
[WhiteElo "1718"]
[BlackElo "1879"]
[PlyCount "70"]
[EventDate "2012.07.24"]
[EventType "tourn"]
[EventRounds "9"]
[EventCountry "SRB"]
[SourceTitle "CBM 149 Extra"]
[Source "ChessBase"]
[SourceDate "2012.08.24"]
[SourceVersion "1"]
[SourceVersionDate "2012.08.24"]
[SourceQuality "1"]

1. e4 c5 2. Nf3 e6 3. d3 b6 4. g3 Bb7 5. Bg2 d6 6. 0-0 Be7 7. c3 Nf6 8. Re1 Qc7 9. Nbd2 Nbd7 10. b3 Rc8 11. Bb2 0-0 12. Rc1 Qb8 13. Qe2 Rfd8 14. d4 cxd4 15. cxd4 Qa8 16. e5 dxe5 17. dxe5 Nd5 18. Red1 Nc5 19. Ne1 Nb4 20. Bxb7 Qxb7 21. a3 Nbd3 22. Nxd3 Nxd3 23. Rxc8 Qxc8 24. Nc4 Nxb2 25. Rxd8+ Qxd8 26. Qxb2 Qd1+ 27. Kg2 Qd5+ 28. Kg1 Bc5 29. a4 a6 30. Qd2 b5 31. axb5 axb5 32. Qxd5 exd5 33. Nb2 Kf8 34. Nd3 Bd4 35. Kg2 Ke7 1/2-1/2

[Event "SRB-ch U20 Girls"]
[Site "Donji Milanovac"]
[Date "2012.07.26"]
[Round "4"]
[White "Zlatanovic, Jovana"]
[Black "Miladinovic, Lena"]
[Result "0-1"]
[WhiteElo "1718"]
[BlackElo "2078"]
[PlyCount "100"]
[EventDate "2012.07.24"]
[EventType "tourn"]
[EventRounds "9"]
[EventCountry "SRB"]
[SourceTitle "CBM 149 Extra"]
[Source "ChessBase"]
[SourceDate "2012.08.24"]
[SourceVersion "1"]
[SourceVersionDate "2012.08.24"]
[SourceQuality "1"]

1. e4 c5 2. Nf3 e6 3. d3 b6 4. g3 Bb7 5. Bg2 d6 6. c3 Be7 7. 0-0 Nf6 8. Re1 0-0 9. a3 Nbd7 10. Nbd2 Rc8 11. d4 cxd4 12. cxd4 a6 13. e5 dxe5 14. dxe5 Nd5 15. Nf1 Qc7 16. Ne3 Rfd8 17. Nxd5 Bxd5 18. Qe2 Qb7 19. b4 a5 20. b5 Rc3 21. Nh4 Bxh4 22. Bxd5 Qxd5 23. gxh4 Nxe5 24. Qxe5 Qxe5 25. Rxe5 Rd1+ 26. Kg2 Rdxc1 27. Ra2 R3c2 28. Re2 Rxa2 29. Rxa2 Kf8 30. Rd2 Ke7 31. Rd3 Rc5 32. Rb3 Rc4 33. Rh3 a4 34. h5 Kd6 35. h6 g6 36. Rf3 Ke7 37. Kg3 Rc5 38. Rf4 Rxb5 39. Rxa4 Ra5 40. Rxa5 bxa5 41. Kf4 f6 42. Ke4 Kd6 43. Kd4 e5+ 44. Kc4 Kc6 45. a4 g5 46. f3 f5 47. Kd3 Kd5 48. h3 f4 49. Kc3 e4 50. fxe4+ Kxe4 0-1

[Event "SRB-ch U20 Girls"]
[Site "Donji Milanovac"]
[Date "2012.07.25"]
[Round "3"]
[White "Zarkovic, Mila"]
[Black "Zlatanovic, Jovana"]
[Result "1-0"]
[WhiteElo "1996"]
[BlackElo "1718"]
[PlyCount "85"]
[EventDate "2012.07.24"]
[EventType "tourn"]
[EventRounds "9"]
[EventCountry "SRB"]
[SourceTitle "CBM 149 Extra"]
[Source "ChessBase"]
[SourceDate "2012.08.24"]
[SourceVersion "1"]
[SourceVersionDate "2012.08.24"]
[SourceQuality "1"]

1. e4 d6 2. d4 Nd7 3. Nc3 c6 4. Be3 e5 5. Nf3 Be7 6. a4 a5 7. Bc4 Ngf6 8. h3 h6 9. 0-0 0-0 10. Bb3 Re8 11. Qe2 Bf8 12. dxe5 dxe5 13. Rfd1 Qc7 14. Qc4 Re7 15. Nb5 Qd8 16. Nd6 Nb6 17. Qe2 Qc7 18. Nxf7 Rxf7 19. Bxb6 Qe7 20. Qc4 Bd7 21. Qxf7+ Qxf7 22. Bxf7+ Kxf7 23. Nxe5+ Ke6 24. Nxd7 Nxd7 25. Bd4 Nf6 26. Bxf6 Kxf6 27. Rd7 Rb8 28. Rad1 Be7 29. b3 b5 30. Ra7 bxa4 31. bxa4 Bb4 32. Kf1 Bc3 33. Rd3 Rb1+ 34. Ke2 Re1+ 35. Kf3 Bb4 36. Ra6 Ra1 37. Rxc6+ Kf7 38. Rd7+ Kg8 39. Rcc7 Ra3+ 40. Kg4 Bc3 41. Rd3 Bb4 42. Rxa3 Bxa3 43. Kf5 1-0

[Event "SRB-ch U16 Girls"]
[Site "Kragujevac"]
[Date "2011.04.30"]
[Round "9"]
[White "Tomin, Ksenija"]
[Black "Zlatanovic, Jovana"]
[Result "1-0"]
[WhiteElo "1883"]
[BlackElo "1818"]
[PlyCount "25"]
[EventDate "2011.04.24"]
[EventType "swiss"]
[EventRounds "9"]
[EventCountry "SRB"]
[SourceTitle "EXT 2019"]
[Source "ChessBase"]
[SourceDate "2018.10.10"]
[SourceVersion "1"]
[SourceVersionDate "2018.10.10"]
[SourceQuality "1"]

1. e4 c5 2. Nf3 d6 3. c3 Nf6 4. h3 Nc6 5. Bd3 d5 6. exd5 Qxd5 7. Bc2 Ne5 8. Nxe5 Qxg2 9. Qf3 Qg5 10. Ba4+ Bd7 11. Nxd7 Nxd7 12. Bxd7+ Kxd7 13. Qxb7+ 1-0

[Event "SRB-ch U16 Girls"]
[Site "Kragujevac"]
[Date "2011.04.27"]
[Round "6"]
[White "Zlatanovic, Jovana"]
[Black "Simic, Miljana"]
[Result "1-0"]
[WhiteElo "1818"]
[BlackElo "1572"]
[PlyCount "117"]
[EventDate "2011.04.24"]
[EventType "swiss"]
[EventRounds "9"]
[EventCountry "SRB"]
[SourceTitle "EXT 2019"]
[Source "ChessBase"]
[SourceDate "2018.10.10"]
[SourceVersion "1"]
[SourceVersionDate "2018.10.10"]
[SourceQuality "1"]

1. e4 c5 2. Nf3 e6 3. d3 Qc7 4. g3 Nc6 5. Bg2 b5 6. c3 Bb7 7. 0-0 Nf6 8. Re1 d5 9. e5 Nd7 10. d4 cxd4 11. cxd4 Rc8 12. Bf4 Nb4 13. Na3 a6 14. Qd2 Be7 15. Rec1 Bc6 16. Nc2 a5 17. a3 Nxc2 18. Rxc2 b4 19. Rac1 Qb7 20. a4 0-0 21. b3 Rc7 22. Bf1 Rfc8 23. Qd3 Nb8 24. h4 Be8 25. Bg5 Bxg5 26. Nxg5 g6 27. g4 Nc6 28. Rc5 Ne7 29. Qf3 h6 30. Nh3 Rxc5 31. dxc5 Qc7 32. Qf6 Nc6 33. f4 Qe7 34. Qxe7 Nxe7 35. Bb5 Nc6 36. Be2 Nd4 37. Bd1 Kf8 38. Kf2 Nc6 39. Ke3 Ke7 40. Be2 Rd8 41. Nf2 f6 42. Nd3 Bf7 43. Rh1 f5 44. Rg1 Rg8 45. Ne1 fxg4 46. Rxg4 h5 47. Rg1 Rd8 48. Bb5 Rc8 49. Bd3 Rg8 50. Nf3 Rg7 51. Bb5 Be8 52. Bxc6 Bxc6 53. Nd4 Kd7 54. f5 exf5 55. Nxf5 Rf7 56. Nd4 Rg7 57. Kf4 Kc7 58. Kg5 Be8 59. Ne6+ 1-0